01662nam a2200313 a 450000100060000000300080000600500170001400800410003102000210007203500130009303500190010604000520012504100080017708200150018510000340020024501600023425000160039426000380041030000460044850400310049450506140052560000330113965000520117270000210122470000290124570000370127470000190131170000180133022016BD-RjUL20211209000745.0140306s1965 enkch b 001 0deng d a0198114478 (v.1) a65-02115 a(BD-RjUL)22081 aDLCcWSUdOCLdm.cdSERdOCLdEQOdBD-RjULbeng aeng a826.8bDIL1 aDickens, Charles,d1812-1870.14aThe letters of Charles Dickens /cgeneral editors: Madeline House and Graham Storey ; associate editors: W.J. Carlton ... [et al.].nVolume One p1820-1839 aPilgrim ed. aOxford :bClarendon Press,c1965. axlii, 744 p. :bfacsims., ports ;c24 cm. aBibliographical footnotes.0 av. 1. 1820-1839 -- v. 2. 1840-1841 -- v. 3. 1842-1843 / edited by Madeline House, Graham Storey and Kathleen Tillotson -- v. 4. 1844-1846 / -- v. 5. 1847-1849 -- v. 6. 1850-1852 / edited by Graham Storey, Kathleen Tillotson and Nina Burgis -- v. 7. 1853-1855 / edited by Graham Storey, Kathleen Tillotson and Angus Easson -- v. 8. 1856-1858 / edited by Graham Storey and Kathleen Tillotson -- v. 9. 1859-1861 / edited by Madeline House, Graham Storey, Kathleen Tillotson -- v. 10. 1862-1864 / edited by Graham Storey -- v. 11. 1865-1867 / edited by Graham Storey -- v. 12. 1868-1870 / edited by Graham Storey.10aDickens, Charles,d1812-1870 0aAuthors, Englishy19th centuryvCorrespondence.1 aHouse, Madeline.1 aStorey, Graham,d1920- .1 aTillotson, Kathleen,d1906-2001.1 aEasson, Angus.1 aBurgis, Nina.